000 00292nam a22001337a 4500
008 170321b xxu||||| |||| 00| 0 eng d
020 _a9780781716673
041 _aeng
080 _23RD
_a616.12-008-073
100 _a7
101 _aSHM
245 _aEKG BOOK
_cTHALER, M.S
942 _2udc
_cBK
999 _c8207
_d8207